[Event "AUT-chT2W 2223"]
[Site "Austria"]
[Date "2023.04.21"]
[Round "9.3"]
[White "Pribozic, Manuel"]
[Black "Donegani, Peter"]
[Result "1/2-1/2"]
[WhiteElo "1593"]
[BlackElo "1998"]
[PlyCount "63"]
[EventDate "2022.09.23"]
[EventType "team-tourn"]
[EventRounds "11"]
[EventCountry "AUT"]
[SourceTitle "EXT 2024"]
[Source "ChessBase"]
[SourceDate "2023.10.10"]
[SourceVersion "1"]
[SourceVersionDate "2023.10.10"]
[SourceQuality "1"]
[WhiteTeam "Dornbirn"]
[BlackTeam "Salzburg ASK"]
[WhiteTeamCountry "AUT"]
[BlackTeamCountry "AUT"]

1. e4 d5 2. exd5 Qxd5 3. Nc3 Qd6 4. Nf3 Nf6 5. d4 c6 6. Be2 Bg4 7. 0-0 e6 8. Na4 Nbd7 9. c4 Be7 10. Be3 0-0 11. Qc2 e5 12. dxe5 Nxe5 13. Bc5 Qc7 14. Nxe5 Qxe5 15. Bxe7 Qxe7 16. Bxg4 Nxg4 17. h3 Nf6 18. Nc3 Rfe8 19. Rad1 Rad8 20. Rxd8 Rxd8 21. Rd1 h6 22. Rxd8+ Qxd8 23. b3 Qd4 24. Ne2 Qa1+ 25. Kh2 Qe5+ 26. Ng3 g6 27. Qe2 Qd6 28. Kg1 Kg7 29. Qc2 Qd4 30. Qe2 Qd6 31. Qc2 Qe5 32. Qd2 1/2-1/2

[Event "Oberbayern Bezirksliga 1718"]
[Site "Germany"]
[Date "2017.10.22"]
[Round "1.5"]
[White "Donegani, Peter"]
[Black "Baier, Herbert"]
[Result "1-0"]
[WhiteElo "2019"]
[BlackElo "1919"]
[PlyCount "119"]
[EventDate "2017.10.22"]
[EventType "team-tourn"]
[EventRounds "9"]
[EventCountry "GER"]
[SourceTitle "EXT 2019"]
[Source "ChessBase"]
[SourceDate "2018.10.10"]
[SourceVersion "1"]
[SourceVersionDate "2018.10.10"]
[SourceQuality "1"]
[WhiteTeam "Freilassing"]
[BlackTeam "Fuerstenfeldbruck"]
[WhiteTeamCountry "GER"]
[BlackTeamCountry "GER"]

1. e4 Nf6 2. e5 Nd5 3. c4 Nb6 4. d4 d6 5. exd6 cxd6 6. Nc3 g6 7. Be3 Bg7 8. Rc1 0-0 9. b3 e5 10. dxe5 dxe5 11. Qxd8 Rxd8 12. c5 N6d7 13. Nf3 Nc6 14. Bc4 Na5 15. Be2 b6 16. cxb6 axb6 17. Nd5 Bb7 18. Nxb6 e4 19. Nd2 Nxb6 20. Bxb6 Rd6 21. Bxa5 Rxa5 22. Nc4 Rc6 23. a4 Bh6 24. Rd1 Rg5 25. 0-0 e3 26. Rd8+ Kg7 27. f3 Rc7 28. Rfd1 Ba6 29. R8d7 Rgc5 30. Kf1 Bc8 31. Rxc7 Rxc7 32. Nd6 Bd7 33. Bc4 Bf4 34. g3 Bxd6 35. Rxd6 Bxa4 36. Ke2 Bc6 37. Kxe3 Kf8 38. Rd4 Ke7 39. h4 h6 40. Rf4 f6 41. Rg4 g5 42. Rd4 Rb7 43. hxg5 hxg5 44. Rd2 Bb5 45. Bxb5 Rxb5 46. Rd3 Ke6 47. Kd4 f5 48. Kc4 Re5 49. b4 Re1 50. b5 Rb1 51. Rb3 Rc1+ 52. Rc3 Rb1 53. Kc5 f4 54. gxf4 gxf4 55. Rc4 Ke5 56. b6 Rb3 57. Re4+ Kf5 58. Rb4 Rxf3 59. b7 Rc3+ 60. Kb6 1-0